000 00567nam a22001937a 4500
005 20251108174823.0
008 250721s2009 xx 000 0 ara d
082 1 4 _a634.6/عطي
100 1 _aعطية، محمد السيد
245 1 0 _aالبلح غذاء و شفاء /
264 1 _aالقاهرة :
_bدار الغد الجديد،
_c2009.
300 _a103ص.
650 1 7 _aالفواكه المدارية
650 1 7 _aنخيل البلح
650 1 7 _aالقيمة الغذائية
650 1 7 _aالعلاج
942 _2ddc
_cBK
999 _c118913
_d118913